Statistics for Regions of Senegal

Click here to take the quiz!

General Stats

  • This quiz has been taken 34 times
  • The average score is 7 of 14

Answer Stats

Region% Correct
Dakar
100%
Saint-Louis
57%
Kolda
52%
Louga
52%
Matam
52%
Tambacounda
52%
Ziguinchor
52%
Diourbel
48%
Fatick
48%
Kaffrine
48%
Kaolack
48%
Sedhiou
48%
Thies
48%
Kedougou
43%

Score Distribution

Percentile by Number Answered

Percent of People with Each Score

Your Score History

You have not taken this quiz